000 00453nam a2200181Ia 4500
001 3431
005 20260306145643.0
008 260306t1994||||xx |||||||||||||| ||spa||
041 _aESP
082 _a276.974
_bB81
100 _aBrading, David A.
_eAUT
245 0 _aUna iglesia asediada:
_bel obispado de Michoacán, 1749-1810
260 _c1994
300 _a302 páginas :
_c23 cm.
650 _aGEN
654 _aCHU
942 _cLIB
_dJUS
_fJUS
_2ddc
_n
999 _c3431
_d3431